LIBRARY ONLINE CATALOGUE

Connecting mathematics across the curriculum / (Record no. 20143)

MARC details
000 -LEADER
fixed length control field 01060cam a2200277 a 4500
001 - CONTROL NUMBER
control field 2544206
003 - CONTROL NUMBER IDENTIFIER
control field OSt
005 - DATE AND TIME OF LATEST TRANSACTION
control field 20230523093912.0
008 - FIXED-LENGTH DATA ELEMENTS--GENERAL INFORMATION
fixed length control field 941208s1995 vaua b 001 0 eng
010 ## - LIBRARY OF CONGRESS CONTROL NUMBER
LC control number 94048261
020 ## - INTERNATIONAL STANDARD BOOK NUMBER
International Standard Book Number 0873533941
040 ## - CATALOGING SOURCE
Original cataloging agency DLC
Transcribing agency DLC
Modifying agency DLC
050 00 - LIBRARY OF CONGRESS CALL NUMBER
Classification number QA11
Item number .N38 1995
245 00 - TITLE STATEMENT
Title Connecting mathematics across the curriculum /
Statement of responsibility, etc. Peggy A. House, 1995 yearbook editor, Arthur F. Coxford, general yearbook editor.
260 ## - PUBLICATION, DISTRIBUTION, ETC. (IMPRINT)
Place of publication, distribution, etc. Reston, Va. :
Name of publisher, distributor, etc. National Council of Teachers of Mathematics,
Date of publication, distribution, etc. 1995.
300 ## - PHYSICAL DESCRIPTION
Extent viii, 245 p. :
Other physical details ill. ;
Dimensions 24 cm.
490 1# - SERIES STATEMENT
Series statement Yearbook ;
Volume/sequential designation 1995
504 ## - BIBLIOGRAPHY, ETC. NOTE
Bibliography, etc Includes bibliographical references and index.
650 #0 - SUBJECT ADDED ENTRY--TOPICAL TERM
Topical term or geographic name as entry element Mathematics
General subdivision Study and teaching.
700 1# - ADDED ENTRY--PERSONAL NAME
Personal name House, Peggy.
700 1# - ADDED ENTRY--PERSONAL NAME
Personal name Coxford, Arthur F.
830 #0 - SERIES ADDED ENTRY--UNIFORM TITLE
Uniform title Yearbook (National Council of Teachers of Mathematics) ;
Volume number/sequential designation 1995.
906 ## - LOCAL DATA ELEMENT F, LDF (RLIN)
a 7
b cbc
c orignew
d 1
e ocip
f 19
g y-gencatlg
942 ## - ADDED ENTRY ELEMENTS (KOHA)
Source of classification or shelving scheme Library of Congress Classification
Koha item type General Collection
Holdings
Withdrawn status Lost status Source of classification or shelving scheme Not for loan Home library Current library Date acquired Total Checkouts Full call number Barcode Date last seen Price effective from Koha item type
    Library of Congress Classification   Kabarak, Main Campus Kabarak, Main Campus 23/05/2023   QA11 .N38 1995 c.1 030998 23/05/2023 23/05/2023 General Collection